[Event "SVR-op 35th"]
[Site "Nickenich"]
[Date "2012.03.31"]
[Round "1"]
[White "Schloetter, Hermann"]
[Black "Ewert, Kenny"]
[Result "1-0"]
[WhiteElo "1656"]
[BlackElo "787"]
[PlyCount "41"]
[EventDate "2012.03.30"]
[EventType "swiss"]
[EventRounds "7"]
[EventCountry "GER"]
[SourceTitle "EXT 2013"]
[Source "ChessBase"]
[SourceDate "2012.11.22"]
[SourceVersion "1"]
[SourceVersionDate "2012.11.22"]
[SourceQuality "1"]

1. e4 e6 2. d3 d5 3. Nd2 Nf6 4. g3 c5 5. Bg2 Nc6 6. Ngf3 Bd6 7. 0-0 0-0 8. Re1 Qc7 9. c3 d4 10. Nc4 e5 11. cxd4 cxd4 12. Bg5 Be7 13. Rc1 Ne8 14. Bd2 Bf6 15. b4 a6 16. a4 Be6 17. b5 axb5 18. axb5 Ne7 19. Ncxe5 Qb6 20. Nc4 Qxb5 21. e5 1-0